000
00227nam a22000857a 4500
008
160914b xxu||||| |||| 00| 0 eng d
100
_9
485
_a
Aggarwal.R.S.
245
_a
Maths Lab Manuel-9
260
_a
New Delhi
_b
B.B. Publications
_c
2012
999
_c
3142
_d
3142